00380nam a2200121Ia 4500008004100000020001400041040004400055100001800099245006900117260004500186300001000231999001700241180412s9999||||xx |||||||||||||| ||und|| a723401853 aAhmadu Bello University Library - Zaria aZatouroff, M. 2aA colour atlas of physical signs in geral medicinecM. Zatouroff aLondonbWolfe Medical Publicationsc1976 a464p. c11340d11340